The elves and the shoemakers / (Record no. 2616)

MARC details
000 -LEADER
fixed length control field 00955cam a2200277 a 4500
005 - DATE AND TIME OF LATEST TRANSACTION
control field 20250820085143.0
020 ## - INTERNATIONAL STANDARD BOOK NUMBER
International Standard Book Number 9789814281164
040 ## - CATALOGING SOURCE
Original cataloging agency DLC
Transcribing agency DLC
Modifying agency DLC
Language of cataloging eng
050 00 - LIBRARY OF CONGRESS CALL NUMBER
Classification number PZ8.L744
Item number 1998
082 00 - DEWEY DECIMAL CLASSIFICATION NUMBER
Classification number 398.20943
100 1# - MAIN ENTRY--PERSONAL NAME
Personal name Giles, Jenny
245 14 - TITLE STATEMENT
Title The elves and the shoemakers /
Statement of responsibility, etc. Illustrated by O'loughlin
250 ## - EDITION STATEMENT
Edition statement First published in 1998
260 ## - PUBLICATION, DISTRIBUTION, ETC.
Place of publication, distribution, etc. Melbourne :
Name of publisher, distributor, etc. Cengage Learning Australia,
Date of publication, distribution, etc. 1998
300 ## - PHYSICAL DESCRIPTION
Extent 32 pages :
Other physical details color illustrations ;
Dimensions 22 cm .
500 ## - GENERAL NOTE
General note "A Calico book."
505 ## - FORMATTED CONTENTS NOTE
Formatted contents note K <br/>
520 ## - SUMMARY, ETC.
Summary, etc. A collection of simplified short versions of well known traditional tales. PM Tales and Plays retell the tale in story form and as plays in language that children can actually read.
521 ## - TARGET AUDIENCE NOTE
Target audience note 520 <br/>
Source Lexile <br/>
521 ## - TARGET AUDIENCE NOTE
Target audience note K <br/>
Source Raz-Plus <br/>
650 #1 - SUBJECT ADDED ENTRY--TOPICAL TERM
Topical term or geographic name entry element Fairy tales.
650 #1 - SUBJECT ADDED ENTRY--TOPICAL TERM
Topical term or geographic name entry element Folklore
Geographic subdivision Germany.
906 ## - LOCAL DATA ELEMENT F, LDF (RLIN)
a 7
b cbc
c orignew
d 1
e ocip
f 19
g y-gencatlg
942 ## - ADDED ENTRY ELEMENTS (KOHA)
Source of classification or shelving scheme Dewey Decimal Classification
Koha item type Books
Suppress in OPAC No
999 ## -
-- 2616
-- 2616
Holdings
Withdrawn status Lost status Source of classification or shelving scheme Damaged status Not for loan Collection Home library Current library Shelving location Date acquired Total Checkouts Full call number Barcode Date last seen Date last checked out Copy number Price effective from Koha item type
    Dewey Decimal Classification     Juvenile Fiction Footprints International School Library Network Toul Kork Campus Footprints International School Library Network Toul Kork Campus TK Primary Library Room(4th Floor), Bookcase 3&4, Shelves 17-32, Yellow Books 01/04/2024 4 GIL 398.20943 PZ8.L744 FISTK04120 04/23/2025 03/05/2024 1 01/04/2024 Books
    Dewey Decimal Classification     Juvenile Fiction Footprints International School Library Network Toul Kork Campus Footprints International School Library Network Toul Kork Campus TK Primary Library Room(4th Floor), Bookcase 3&4, Shelves 17-32, Yellow Books 06/02/2025   GIL 398.20943 PZ8.L744 FISTK04119 06/02/2025   2 06/02/2025 Books
    Dewey Decimal Classification     Juvenile Fiction Footprints International School Library Network Toul Kork Campus Footprints International School Library Network Toul Kork Campus TK Primary Library Room(4th Floor), Bookcase 3&4, Shelves 17-32, Yellow Books 06/10/2025   GIL 398.20943 PZ8.L744 FISTK00880 06/10/2025   3 06/10/2025 Books
    Dewey Decimal Classification     Juvenile Fiction Footprints International School Library Network Toul Tom Poung Campus Footprints International School Library Network Toul Tom Poung Campus TTP Primary Yellow Bookshelves 06/23/2025   GIL 398.20943 PZ8.L744 FIS02242 06/23/2025   4 06/23/2025 Books
    Dewey Decimal Classification     Juvenile Fiction Footprints International School Library Network Toul Tom Poung Campus Footprints International School Library Network Toul Tom Poung Campus TTP Primary Yellow Bookshelves 06/23/2025   GIL 398.20943 PZ8.L744 FIS04904 06/23/2025   5 06/23/2025 Books
    Dewey Decimal Classification     Juvenile Fiction Footprints International School Library Network Toul Tom Poung Campus Footprints International School Library Network Toul Tom Poung Campus TTP Primary Yellow Bookshelves 06/23/2025   GIL 398.20943 PZ8.L744 FIS02250 06/23/2025   6 06/23/2025 Books
    Dewey Decimal Classification     Juvenile Fiction Footprints International School Library Network Toul Tom Poung Campus Footprints International School Library Network Toul Tom Poung Campus TTP Primary Yellow Bookshelves 08/20/2025   GIL 398.20943 PZ8.L744 FISTK00879 08/20/2025   7 08/20/2025 Books